000 00397 a2200169 4500
001 71168
020 _a8508006314
040 _cAnchieta - Colégio São Paulo
100 _aSebastiani, Julieta
240 1 0 _aA árvore dos passarinhos
_lpor
245 1 0 _aA árvore dos passarinhos
300 _a24
362 0 _a1985
440 1 _aÁtica
650 4 _aLiteratura infanto-juvenil
942 _cBK
999 _c71168
_d71168